Communists in Harlem during the depression. (Record no. 6374)
[ view plain ]
| 000 -LEADER | |
|---|---|
| fixed length control field | 00612cam a22002052 4500 |
| 001 - CONTROL NUMBER | |
| control field | 0000003345 |
| 005 - DATE AND TIME OF LATEST TRANSACTION | |
| control field | 20151217151923.0 |
| 008 - FIXED-LENGTH DATA ELEMENTS--GENERAL INFORMATION | |
| fixed length control field | 070503s xx 000 0 eng d |
| 020 ## - INTERNATIONAL STANDARD BOOK NUMBER | |
| International Standard Book Number | 0394623010 : |
| 040 ## - CATALOGING SOURCE | |
| Original cataloging agency | KABU |
| Transcribing agency | KABU |
| 050 #0 - LIBRARY OF CONGRESS CALL NUMBER | |
| Classification number | JK2391 |
| Item number | .C53N35 |
| 100 1# - MAIN ENTRY--PERSONAL NAME | |
| Personal name | Naison, Mark. |
| -- | 0000153192 |
| 245 10 - TITLE STATEMENT | |
| Title | Communists in Harlem during the depression. |
| 260 ## - PUBLICATION, DISTRIBUTION, ETC. (IMPRINT) | |
| Place of publication, distribution, etc. | New York : |
| Name of publisher, distributor, etc. | Grove Press, |
| Date of publication, distribution, etc. | 1984. |
| 300 ## - PHYSICAL DESCRIPTION | |
| Extent | xxi, 355 p. |
| 650 #0 - SUBJECT ADDED ENTRY--TOPICAL TERM | |
| Topical term or geographic name as entry element | Communist Part of the United States of America |
| General subdivision | History. |
| -- | 0000153193 |
| 908 ## - PUT COMMAND PARAMETER (RLIN) | |
| Put command parameter | 070503 |
| 950 ## - LOCAL HOLDINGS (RLIN) | |
| -- | 1 |
| Withdrawn status | Lost status | Source of classification or shelving scheme | Not for loan | Home library | Current library | Date acquired | Total Checkouts | Full call number | Barcode | Date last seen | Price effective from | Koha item type |
|---|---|---|---|---|---|---|---|---|---|---|---|---|
| Library of Congress Classification | Kabarak, Main Campus | Kabarak, Main Campus | 17/12/2015 | JK2391 .C53N35 | 004770 | 17/12/2015 | 17/12/2015 | General Collection |